| 000 | 00826cam a22002653a 4500 | ||
|---|---|---|---|
| 001 | 37957 | ||
| 003 | PGUSA | ||
| 005 | 20140828083832.0 | ||
| 008 | 111109s2011||||xxu|||||s|||||000 | eng d | ||
| 040 |
_aPGUSA _beng |
||
| 042 | _adc | ||
| 050 | 4 | _aGF | |
| 100 | 1 |
_aMarsh, George P. _q(George Perkins), _d1801-1882 |
|
| 245 | 1 | 0 |
_aMan and Nature; Or, Physical Geography as Modified by Human Action _h[electronic resource] / _cGeorge P. Marsh |
| 260 |
_bProject Gutenberg, _c2011 |
||
| 506 | _aPublic domain in the USA. | ||
| 516 | _aElectronic text | ||
| 653 | _aConservation of natural resources | ||
| 653 | _aPhysical geography | ||
| 653 | _aHuman geography | ||
| 653 | _aNature -- Effect of human beings on | ||
| 830 | 0 |
_aProject Gutenberg _v37957 |
|
| 856 | 4 | 0 | _uhttp://www.gutenberg.org/ebooks/37957 |
| 942 | _cEB | ||
| 999 |
_c267211 _d267211 |
||